La presencia inglesa en el mobiliario novohispano a partir del navío de permiso 1713-1750. Una exposición titulada “A la manera inglesa (Record no. 8187)

MARC details
000 -CABECERA
campo de control de longitud fija 00797nam a2200217 a 4500
001 - NÚMERO DE CONTROL
campo de control BRCA_8521
005 - FECHA Y HORA DE LA ÚLTIMA TRANSACCIÓN
campo de control 20190320210323.0
008 - DATOS DE LONGITUD FIJA--INFORMACIÓN GENERAL
campo de control de longitud fija 270716s2013----mx-a######---#000-0#spa-#
041 ## - CÓDIGO DE LENGUA
Código de lengua del texto/banda sonora o título independiente spa
050 #4 - SIGNATURA TOPOGRÁFICA DE LA BIBLIOTECA DEL CONGRESO
Número de documento/Ítem C35 2013
100 1# - ENTRADA PRINCIPAL--NOMBRE DE PERSONA
Nombre de persona Calero Martínez de Irujo, Teresa
9 (RLIN) 9980
245 10 - MENCIÓN DE TÍTULO
Título La presencia inglesa en el mobiliario novohispano a partir del navío de permiso 1713-1750. Una exposición titulada “A la manera inglesa
Resto del título la Nueva España en el siglo XVIII”.
260 ## - PUBLICACIÓN, DISTRIBUCIÓN, ETC.
Lugar de publicación, distribución, etc. Ciudad de México
Fecha de publicación, distribución, etc. 2013
300 ## - DESCRIPCIÓN FÍSICA
Extensión 135 h.
Otras características físicas il.
Dimensiones 29 cm.
500 ## - NOTA GENERAL
Nota general Ejemplar engargolado
502 ## - NOTA DE TESIS
Nota de tesis Tesis Maestría (Maestra en Historia) Universidad Iberoamericana
650 14 - PUNTO DE ACCESO ADICIONAL DE MATERIA--TÉRMINO DE MATERIA
Término de materia o nombre geográfico como elemento de entrada Mobiliario novohispano
9 (RLIN) 4305
700 1# - PUNTO DE ACCESO ADICIONAL--NOMBRE DE PERSONA
Nombre de persona Correa Etchegaray, Leonor
Término indicativo de función/relación Director
9 (RLIN) 21375
902 ## - CATALOGADOR
Iniciales TES
942 ## - ELEMENTOS DE PUNTO DE ACCESO ADICIONAL (KOHA)
Fuente del sistema de clasificación o colocación Library of Congress Classification
Tipo de ítem Koha Tesis
Holdings
Estado de retiro Estado de pérdida Estado dañado No para préstamo Localización permanente Ubicación/localización actual Fecha de adquisición Total de préstamos Signatura topográfica completa Código de barras Fecha visto por última vez Precio válido a partir de Tipo de ítem Koha
El ejemplar forma parte de la colección y puede ser consultado según las políticas vigentes.       Biblioteca del Museo Franz Mayer (Rogerio Casas-Alatriste) Biblioteca del Museo Franz Mayer (Rogerio Casas-Alatriste) 27/07/2016   C35 2013 TES00064 22/03/2019 22/03/2019 Tesis